Holiday Quiz

Random Holiday or Food Quiz

Foods on Hallmark Ornaments (Picture Click) Quiz Stats

 Plays Quiz not verified by Sporcle

Score 0/16 Timer 05:00
0 Plays Today
% Correct
Popcorn
95.5%
Pumpkin Pie
95.5%
Strawberry
95.5%
Pepperoni Pizza
95.2%
Chocolate Chip Cookie
95.1%
Candy Cane
95.1%
Ice Cream Cone
94.9%
Gingerbread Man
94.8%
% Correct
Marshmallow
94.6%
Frosted Donut
94.5%
Pickle
94.5%
Steak
94.5%
Gumdrop
94%
Turkey
93.6%
Candy Apple
92.9%
Olive
91.9%

You're not logged in!

Compare scores with friends on all Sporcle quizzes.
OR
Log In

Show Comments

Extras

Top Quizzes Today


Score Distribution

Your Account Isn't Verified!

In order to create a playlist on Sporcle, you need to verify the email address you used during registration. Go to your Sporcle Settings to finish the process.

Report this User

Report this user for behavior that violates our Community Guidelines.

Details: